| 000 | 00892cam a2200193 4500 | ||
|---|---|---|---|
| 001 | WB3845-07 | ||
| 008 | 021203n2002 000 0 eng u | ||
| 035 | _a(Sirsi) u120653 | ||
| 245 | _aIndustrial availability soars | ||
| 260 | _c2002 | ||
| 490 |
_aKing Sturge Press Release _v25 November 2002, (1) |
||
| 520 | _aKing Sturge's latest "Industrial & distribution floorspace today" research shows that available industrial floorspace in the UK has risen to 17m sq m, the highest level since 1992. The figures are attributed to the uncertain economic climate during 2002, which prompted many businesses to delay expansion plans. www.kingsturge.com/site/docs/pressoffice/newsdisplay.cfm?NID=%24%29I7%25K%20%2D%20%0A | ||
| 590 | _aWB | ||
| 650 | _aKING STURGE | ||
| 650 | _aINDUSTRIAL FLOORSPACE | ||
| 650 | _aINDUSTRIAL MARKET | ||
| 690 | _aPROPERTY-COMMERCIAL PROPERTY | ||
| 942 | _n0 | ||
| 999 |
_c71699 _d71699 |
||